Fundametals of Complex Analysis / (Record no. 524228)

000 -LEADER
fixed length control field 00389nam a22001697a 4500
003 - CONTROL NUMBER IDENTIFIER
control field NUST
020 ## - INTERNATIONAL STANDARD BOOK NUMBER
International Standard Book Number 978--93-325-3509-1
038 ## - RECORD CONTENT LICENSOR
Staff Name Faiza
082 ## - DEWEY DECIMAL CLASSIFICATION NUMBER
Classification number 515
Author Mark SAF
100 ## - MAIN ENTRY--PERSONAL NAME
Personal name Saff,Edward B
9 (RLIN) 8527
245 ## - TITLE STATEMENT
Title Fundametals of Complex Analysis /
Statement of responsibility, etc. Edward B.Saff /
250 ## - EDITION STATEMENT
Edition statement 3rd
260 ## - PUBLICATION, DISTRIBUTION, ETC.
Place of publication, distribution, etc. India :
Name of publisher, distributor, etc. Pearson ,
300 ## - PHYSICAL DESCRIPTION
Extent 518p. ;
500 ## - GENERAL NOTE
General note Papercover
942 ## - ADDED ENTRY ELEMENTS (KOHA)
Source of classification or shelving scheme
Koha item type Book
Holdings
Withdrawn status Lost status Source of classification or shelving scheme Damaged status Not for loan Permanent Location Current Location Date acquired Total Checkouts Full call number Barcode Date last seen Date last checked out Price effective from Koha item type
          Central Library (CL) Central Library (CL) 06/19/2019 1 515 SAF CL-D-459 01/05/2026 05/02/2025 06/19/2019 Book
© 2023 Central Library, National University of Sciences and Technology. All Rights Reserved.